Books are not life, but then, what is? /

Bibliographic Details
Main Author: Mudrick, Marvin
Format: Book
Language:English
Published: New York : Oxford University Press, 1979.
Subjects:

MARC

Tag First Indicator Second Indicator Subfields
LEADER 00000cam a22000008i 4500
001 in00000285421
005 20151010073037.0
008 780830s1979 nyu b 00010 eng
010 |a  78009939  
020 |a 0195025083 
035 |a (OCoLC)04496679 
035 |9 ABF0255AM 
040 |a DLC  |c DLC  |d TXA  |d UtOrBLW 
049 |a TXAM  |c [977687] 
050 0 0 |a PN710  |b .M757 
082 0 |a 809 
100 1 |a Mudrick, Marvin. 
245 1 0 |a Books are not life, but then, what is? /  |c Marvin Mudrick. 
264 1 |a New York :  |b Oxford University Press,  |c 1979. 
300 |a x, 348 pages ;  |c 22 cm. 
336 |a text  |b txt  |2 rdacontent 
337 |a unmediated  |b n  |2 rdamedia 
338 |a volume  |b nc  |2 rdacarrier 
504 |a Includes bibliographical references. 
650 0 |a Literature, Modern  |x History and criticism. 
999 |a MARS 
999 f f |s 9bd51ce7-3666-3188-a3f5-f2d4acc424fc  |i ee6a706c-d9af-3f7f-95d9-69b188fa0aee  |t 0 
952 f f |p ric  |a Texas A&M University  |b Rellis Campus  |c Joint Library Facility  |d Remote Storage  |t 0  |e PN710 .M757  |h Library of Congress classification  |i unmediated -- volume  |m A14803671344 
998 f f |a PN710 .M757  |t 0  |l Remote Storage